000 00391nam a2200145Ia 4500
008 100122s9999 xx 000 0 und d
082 _b54015
_a920
100 _aगोखले माधव
245 _aहंसगान
260 _bनीहारा प्रकाशन
_c1997
300 _a160
630 _aहंसगान
730 _aहंसगान
942 _cBOOK
999 _c430922
_d430919